000
00219 a2200097 4500
001
58692
100
_a
245
_a
Noise properties of microwave transistors
260
_a
PASTIC
_b
PASTIC
_c
1969
090
_c
36014
_d
36014
942
_a
NUST-CAE
_c
_c
28908
999
_c
293765
_d
293765